Văn phạm tiếng Pháp theo đề mục (100 phiếu, 700 đề mục)

Spremljeno u:
Bibliografski detalji
Glavni autor: Văn phạm tiếng Pháp theo đề mục (100 phiếu, 700 đề mục)
Format: Knjiga
Jezik:Undetermined
Izdano: Tp. HCM Trẻ 1998
Teme:
Oznake: Dodaj oznaku
Bez oznaka, Budi prvi tko označuje ovaj zapis!
Thư viện lưu trữ: Trung tâm Học liệu Trường Đại học Cần Thơ
LEADER 00732nam a2200193Ia 4500
001 CTU_32038
008 210402s9999 xx 000 0 und d
020 |b 54.000đ 
082 |a 445 
082 |b V116 
100 |a Văn phạm tiếng Pháp theo đề mục (100 phiếu, 700 đề mục) 
245 0 |a Văn phạm tiếng Pháp theo đề mục (100 phiếu, 700 đề mục) 
245 0 |c Văn phạm tiếng Pháp theo đề mục (100 phiếu, 700 đề mục); Dịch giả: Nguyễn Thành Thống 
260 |a Tp. HCM 
260 |b Trẻ 
260 |c 1998 
650 |a french language - grammar 
904 |i Minh, 990714 
980 |a Trung tâm Học liệu Trường Đại học Cần Thơ